Athletics: (Record no. 157485)
[ view plain ]
| 000 -LEADER | |
|---|---|
| fixed length control field | 00622nam a22002177a 4500 |
| 003 - CONTROL NUMBER IDENTIFIER | |
| control field | dpl |
| 005 - DATE AND TIME OF LATEST TRANSACTION | |
| control field | 20180914130353.0 |
| 008 - FIXED-LENGTH DATA ELEMENTS--GENERAL INFORMATION | |
| fixed length control field | 180914b xxu||||| |||| 00| 0 eng d |
| 010 ## - LIBRARY OF CONGRESS CONTROL NUMBER | |
| LC control number | A-599918 |
| 020 ## - INTERNATIONAL STANDARD BOOK NUMBER | |
| International Standard Book Number | 0356196798 |
| Terms of availability | 0.00 |
| 035 ## - SYSTEM CONTROL NUMBER | |
| System control number | A-599918 |
| 040 ## - CATALOGING SOURCE | |
| Original cataloging agency | DPL |
| Language of cataloging | EN |
| Transcribing agency | 0 |
| 082 ## - DEWEY DECIMAL CLASSIFICATION NUMBER | |
| Classification number | 796.0941 |
| Item number | WAR |
| 100 ## - MAIN ENTRY--PERSONAL NAME | |
| Personal name | Ward, Tony |
| 245 ## - TITLE STATEMENT | |
| Title | Athletics: |
| Remainder of title | the golden decade / |
| Statement of responsibility, etc | by Tony Ward |
| 260 ## - PUBLICATION, DISTRIBUTION, ETC. (IMPRINT) | |
| Place of publication, distribution, etc | London |
| Name of publisher, distributor, etc | Macdonald & co (publisher) ltd |
| Date of publication, distribution, etc | 1991 |
| 270 ## - ADDRESS | |
| Address | Orbit house 1 new fetter lane |
| City | London |
| 300 ## - PHYSICAL DESCRIPTION | |
| Extent | 246.p: |
| Dimensions | 24cm |
| 500 ## - GENERAL NOTE | |
| General note | Include Index |
| 942 ## - ADDED ENTRY ELEMENTS (KOHA) | |
| Source of classification or shelving scheme | Dewey Decimal Classification |
| Koha item type | English Books |
| Classification part | 796.0941 |
| Item part | WAR |
| Withdrawn status | Lost status | Source of classification or shelving scheme | Damaged status | Not for loan | Collection code | Home library | Current library | Date acquired | Source of acquisition | Cost, normal purchase price | Total Checkouts | Full call number | Barcode | Date last seen | Cost, replacement price | Price effective from | Koha item type |
|---|---|---|---|---|---|---|---|---|---|---|---|---|---|---|---|---|---|
| Dewey Decimal Classification | Non-fiction | Patel Nagar | Patel Nagar | 14/09/2018 | BPPD/PUB | 0.00 | 796.0941 | A-599918 | 14/09/2018 | 0.00 | 14/09/2018 | English Books |
